000 00417nam a2200157Ia 4500
008 241127s9999||||xx |||||||||||||| ||und||
020 _a9789812455970
_c8888
040 _beng
_cSSK Library
_erda
082 _a737.24/CAM
100 _a Eva Minguet Camara -
245 0 _a1 Love Badges! Buttons, Pins....
260 _b Page One Publishing
_c©2007
942 _22ddc
_cBOOK
_nNo
999 _c10263
_d10263
003 OSt
005 20241127152826.0